| 000 | 00555nam a2200169 i 4500 | ||
|---|---|---|---|
| 001 | 55456 | ||
| 003 | ES-MaACL | ||
| 005 | 20230906163141.0 | ||
| 007 | t| | ||
| 008 | 030919s1965 sp ||||1| spa d | ||
| 100 | 1 |
_aDeroo, André. _943789 |
|
| 245 | 1 | 3 |
_aEl cojo de Calanda _b: el milagro más extraordinario de la Virgen del Pilar / _cAndré Deroo ; traducción de Juan Antonio Gracia. |
| 260 |
_aZaragoza : _b[s.n.], _c1965. |
||
| 300 |
_a127 p., 12 lám. ; _c24 cm. |
||
| 700 | 1 |
_aGracia, Juan Antonio. _959461 |
|
| 852 |
_aES-MaACL _jC-28670 _bR.57773 |
||
| 999 |
_c55456 _d55456 |
||